Voces del milagro / (Record no. 8586)
[ view plain ]
| 000 -CABECERA | |
|---|---|
| campo de control de longitud fija | 00723cam a2200217 a 4500 |
| 001 - NÚMERO DE CONTROL | |
| campo de control | 000008817 |
| 005 - FECHA Y HORA DE LA ÚLTIMA TRANSACCIÓN | |
| campo de control | 20200929161419.0 |
| 008 - DATOS DE LONGITUD FIJA--INFORMACIÓN GENERAL | |
| campo de control de longitud fija | 050328s2004 cu a 000 f spa |
| 020 ## - NÚMERO INTERNACIONAL ESTÁNDAR DEL LIBRO | |
| Número Internacional Estándar del Libro | 9592103321 |
| 040 ## - FUENTE DE LA CATALOGACIÓN | |
| Centro catalogador/agencia de origen | DO-SdBNP |
| Centro/agencia transcriptor | DLC |
| Centro/agencia modificador | DLC |
| 082 ## - NÚMERO DE LA CLASIFICACIÓN DECIMAL DEWEY | |
| Número de clasificación | Cu863.44 |
| Número de documento/Ítem | B641v |
| 100 1# - ENTRADA PRINCIPAL--NOMBRE DE PERSONA | |
| Nombre de persona | Blanco Castiñeira, Katiuska, |
| Fechas asociadas al nombre | 1964- |
| 9 (RLIN) | 23363 |
| 245 10 - MENCIÓN DE TÍTULO | |
| Título | Voces del milagro / |
| Mención de responsabilidad, etc. | Katiuska Blanco Castiñeira, Alina Perera, Alberto Núñez. |
| 260 ## - PUBLICACIÓN, DISTRIBUCIÓN, ETC. | |
| Lugar de publicación, distribución, etc. | La Habana, (Cuba) : |
| Nombre del editor, distribuidor, etc. | Casa Editora Abril, |
| Fecha de publicación, distribución, etc. | c2004. |
| 300 ## - DESCRIPCIÓN FÍSICA | |
| Extensión | 147 p. : |
| Otras características físicas | il. ; |
| Dimensiones | 20 cm. |
| 650 #4 - PUNTO DE ACCESO ADICIONAL DE MATERIA--TÉRMINO DE MATERIA | |
| Término de materia o nombre geográfico como elemento de entrada | Novela cubana |
| 9 (RLIN) | 2316 |
| 650 #4 - PUNTO DE ACCESO ADICIONAL DE MATERIA--TÉRMINO DE MATERIA | |
| Término de materia o nombre geográfico como elemento de entrada | Literatura cubana |
| Subdivisión cronológica | SIGLO XX |
| 9 (RLIN) | 9186 |
| 700 1# - PUNTO DE ACCESO ADICIONAL--NOMBRE DE PERSONA | |
| Nombre de persona | Perera, Alina. |
| 9 (RLIN) | 15944 |
| 700 1# - PUNTO DE ACCESO ADICIONAL--NOMBRE DE PERSONA | |
| Nombre de persona | Núñez, Alberto. |
| 9 (RLIN) | 15945 |
| 910 ## - DATOS DE OPCIÓN DEL USUARIO (OCLC) | |
| Datos de opción del usuario | Catalogación por copia / LC |
| Estado de retiro | Estado de pérdida | Restricciones de uso | No para préstamo | Código de colección | Localización permanente | Ubicación/localización actual | Ubicación en estantería | Fecha de adquisición | Número de inventario | Total de préstamos | Signatura topográfica completa | Código de barras | Fecha visto por última vez | Precio válido a partir de | Tipo de ítem Koha | Número de copia |
|---|---|---|---|---|---|---|---|---|---|---|---|---|---|---|---|---|
| Préstamo interno | Monografías: Libros y Folletos | General | General | En catalogación | 18.09.2009 | LF1 | Cu863.44 B641v | 8817-10 | 25.06.2020 | 25.06.2020 | Préstamo interno | |||||
| Préstamo restringido | Préstamo restrigido | Monografías: Libros y Folletos | General | General | En catalogación | 18.09.2009 | LF1 | Cu863.44 B641v | 8817-20 | 25.06.2020 | 25.06.2020 | Préstamo interno | e.2 | |||
| Préstamo interno | Monografías: Libros y Folletos | General | General | En catalogación | 18.09.2009 | LF1 | Cu863.44 B641v | 8817-30 | 25.06.2020 | 25.06.2020 | Préstamo interno | e.3 |
